The ascension and heavenly priesthood of our Lord. (Record no. 7625)

000 -LEADER
fixed length control field 00667nam a2200193 a 4500
001 - CONTROL NUMBER
control field :::00005386$&:&@@
003 - CONTROL NUMBER IDENTIFIER
control field OkBaRHE
005 - DATE AND TIME OF LATEST TRANSACTION
control field 20000607103325.0
008 - FIXED-LENGTH DATA ELEMENTS--GENERAL INFORMATION
fixed length control field s1892 j 000 0 eng u
040 ## - CATALOGING SOURCE
Transcribing agency
100 1# - MAIN ENTRY--PERSONAL NAME
Personal name Milligan, William.
245 14 - TITLE STATEMENT
Title The ascension and heavenly priesthood of our Lord.
260 ## - PUBLICATION, DISTRIBUTION, ETC. (IMPRINT)
Place of publication, distribution, etc London, UK:EN., :
Name of publisher, distributor, etc MacMillan and Co.
Date of publication, distribution, etc c1892
300 ## - PHYSICAL DESCRIPTION
Extent 374 p. ;
Dimensions 20 cm.
650 ## - SUBJECT ADDED ENTRY--TOPICAL TERM
Topical term or geographic name as entry element Jesus Christ
General subdivision Ascension
-- Addresses, Essays, Lectures
650 ## - SUBJECT ADDED ENTRY--TOPICAL TERM
Topical term or geographic name as entry element Jesus Christ
General subdivision Royal Office
-- Addresses, Essays, Lectures
942 ## - ADDED ENTRY ELEMENTS (KOHA)
Source of classification or shelving scheme
Koha item type Books
Copies
Koha item type Not for loan Shelving location Damaged status Full call number Price effective from Withdrawn status Permanent Location Date acquired Source of classification or shelving scheme Date last seen Copy number Lost status Barcode
Books General Stacks BT 500 .M4422010-04-14 RHEMA Bible Training College2010-04-14 2010-04-141 5386